000
00312nam a22001337a 4500
008
180921b xxu||||| |||| 00| 0 eng d
020
_a
9781435497788
041
_a
eng
080
_a
004
100
_a
28
101
_a
SHKI
245
_a
Guide to Managing and Maintaining your PC
_c
Andrews, J
942
_2
udc
_c
BK
999
_c
48225
_d
48225